00298 a2200109 450000100060000004000220000610000210002824000520004924500470010136200090014865000310015766845 cAnchieta - Pituba aOliveira, Valdir10a2ª Avaliação de Inglês, 1º sérielpor10a2ª Avaliação de Inglês, 1º série0 a2018 4aInglês e inglês antigo